| 000 | 01114nam a2200325Ia 4500 | ||
|---|---|---|---|
| 003 | CO-BoRNBP | ||
| 005 | 20230613170321.0 | ||
| 007 | ta | ||
| 008 | 160825s2009 ck g 000 0 spa | ||
| 020 | _a9789580421931 | ||
| 040 |
_aCO-BoRNBP _bspa _erda _cCO-BoRNBP |
||
| 084 | _aN FLA2 | ||
| 100 | 1 |
_aFlaubert, Gustave _d1821-1880 _eautor _92571 |
|
| 245 | 1 | 0 |
_aMadame Bovary _cGustave Flaubert ; traducido por Nicolás Suescún |
| 250 | _a1a. edición | ||
| 264 |
_aBogotá _bNorma |
||
| 300 |
_a348, 82 páginas (En paginación variada) _c21 cm |
||
| 336 |
_atexto _btxt _2rdacontent |
||
| 337 |
_asin mediación _bn _2rdamedia |
||
| 338 |
_avolumen _bnc _2rdacarrier |
||
| 490 | _aCara y cruz | ||
| 600 |
_aFlaubert, Gustrave _d1821-1880 _xCritica e interpretación _92572 |
||
| 650 | 1 | 4 |
_2LEMB _aNovela francesa _ySiglo XIX _92315 |
| 650 | 1 | 4 |
_2LEMB _aLiteratura francesa _ySiglo XIX _92316 |
| 650 | 1 | 4 |
_2LEMB _aAmor en la literatura _969 |
| 650 | 1 | 4 |
_2LEMB _aMujeres en la literatura _91058 |
| 650 | 1 | 4 |
_aTragedia en la literatura _2LEMB _91170 |
| 700 | 1 |
_aSuescún, Nicolás _d1937- _92573 |
|
| 942 | _cBKLIT | ||
| 999 |
_c5655 _d5655 |
||